Turbulencia en los Andes y Plan Colombia /
El documento analiza la crisis de la región andina y los procesos y tendencias nacionales que inciden en la seguridad regional, así como las dimensiones nacionales de la crisis e inestabilidad en cada país y sus proyecciones regionales. Presentando en la primera sección varios artículos que ofrecen...
Uloženo v:
| Další autoři: | , |
|---|---|
| Médium: | Neznámo |
| Jazyk: | Spanish |
| Vydáno: |
Ecuador :
Corporación Editora Nacional ; Universidad Andina Simón Bolivar
2003
|
| Edice: | Serie Estudios Internacionales
volumen 3 |
| Témata: | |
| Tagy: |
Přidat tag
Žádné tagy, Buďte první, kdo vytvoří štítek k tomuto záznamu!
|
MARC
| LEADER | 00000 a2200000 04500 | ||
|---|---|---|---|
| 001 | 49022 | ||
| 003 | cru CIDCACS/IIS | ||
| 005 | 20230517095428.0 | ||
| 008 | 050625s2003 ec spa d | ||
| 020 | |a 9978-19-048-1 | ||
| 022 | |a 9978-19-048-1 | ||
| 040 | |c cru CIDCACS/IIS | ||
| 090 | |a 03.02.04 M757t | ||
| 100 | |a Montúfar, César, |e editor | ||
| 245 | |a Turbulencia en los Andes y Plan Colombia / |c César Montúfar, Teresa Whitfield editores | ||
| 260 | |a Ecuador : |b Corporación Editora Nacional ; Universidad Andina Simón Bolivar |c 2003 | ||
| 300 | |a 270 páginas : tablas, gráficos | ||
| 440 | |a Serie Estudios Internacionales |v volumen 3 | ||
| 520 | |a El documento analiza la crisis de la región andina y los procesos y tendencias nacionales que inciden en la seguridad regional, así como las dimensiones nacionales de la crisis e inestabilidad en cada país y sus proyecciones regionales. Presentando en la primera sección varios artículos que ofrecen una visión general de la crisis y la inestabilidad política en cada uno de los países de la región, la segunda sección aborda el Plan Colombia y sus vinculaciones regionales. | ||
| 650 | 0 | |9 2520 |a CRISIS | |
| 650 | 0 | |9 3697 |a CRISIS POLITICA | |
| 650 | 0 | |9 1005 |a NARCOTRAFICO | |
| 650 | 0 | |9 2345 |a SEGURIDAD | |
| 700 | |a Whitfield, Teresa, | ||
| 700 | |e editora | ||
| 942 | |2 ddc |c LI |h 03.02.04 M757t |i 17537 |6 030204_M757T_17537 | ||
| 999 | |c 12658 |d 12658 | ||



